000 01412cam a22005054i 4500
003 PE-LiUPU
005 20251125092624.0
008 150616s r 000 0 d
020 _a958607420X
035 _a(Sirsi) i9789586074209
040 _aPE-LiUPU
_bspa
_cPE-LiUPU
_erda
049 _aPRUA
082 0 4 _a220.3
_bG886p
_223
100 1 _aGruen, Wolfgang,
_eautor.
245 1 0 _aPequeño Vocabulario Bíblico /
_cWolfgang Gruen, Luis Ernesto Trigueros.
264 1 _aBogotá :
_bEdiciones Paulinas,
_c1989.
300 _a134 páginas :
_bilustraciones ;
_c18 cm
336 _atext
_2rdacontent
337 _aunmediated
_2rdamedia
338 _avolume
_2rdacarrier
490 0 _aColección Escuela de la Palabra
505 0 _aExplicación sobre términos bíblicos A - Z.
526 _aSEG44
526 _aSEG26
526 _aP151
526 _aP150
526 _aP149
526 _aP146
526 _aP145
526 _aP126
526 _aP125
526 _aP92
526 _aP75
526 _aP74
526 _aP27
526 _aP15
630 1 4 _aBiblia
_xDiccionarios.
630 2 4 _aBiblia.
_xVocabularios.
_97637
700 1 _aTigreros, Luis Ernesto.
_eautor.
910 _ajck
942 _2ddc
_cBK
980 _818226
_gJaime Vilcazán Jefe de Análisis Documental
999 _c57521 | 2
_d57521